000 01071cab a2200325 4500
001 WB2845-32
008 090401t1992 xxu||||| |||| 00| 0 eng d
035 _a(Sirsi) u63549
041 _aeng
245 _aConstruction demand forecasting model
260 _c1992
350 _a0
490 _aChartered Quantity Surveyor
_v15(3) November 1992, 3(1)
520 _aThe RICS is funding a project to develop a computer model to predict demand in the construction industry. Cambridge Econometrics, University of Reading and Gardiner & Theobald are involved in the research.
650 _aCAMBRIDGE ECONOMETRICS
650 _aCONSTRUCTION FORECASTS
650 _aCONSTRUCTION INDUSTRY
650 _aCONSTRUCTION MARKET
650 _aDEMAND
650 _aECONOMIC INDICATOR
650 _aFORECAST
650 _aGARDINER & THEOBALD
650 _aRESEARCH
650 _aRICS
650 _aUNIVERSITY OF READING
690 _aBUILT ENVIRONMENT
690 _aMANAGEMENT-BUSINESS MANAGEMENT-INFORMATION MANAGEMENT
942 _n0
948 _c04/03/1997
999 _c39499
_d39499